ბათუმის შოთა რუსთაველის სახელმწიფო უნივერსიტეტის ბიბლიოთეკა

The innocent man / (ბიბ.ჩანაწერი № 45221)

000 -LEADER
fixed length control field 00638nam a2200229Ia 4500
001 - CONTROL NUMBER
control field 12044
003 - CONTROL NUMBER IDENTIFIER
control field GE_BSU
005 - DATE AND TIME OF LATEST TRANSACTION
control field 20221118170403.0
008 - FIXED-LENGTH DATA ELEMENTS--GENERAL INFORMATION
fixed length control field 181216s2006en xx |||||||||||||| ||eng||
020 ## - INTERNATIONAL STANDARD BOOK NUMBER
International Standard Book Number 9780099493570x
040 ## - CATALOGING SOURCE
Transcribing agency GE_BSU
041 ## - LANGUAGE CODE
Language code of text/sound track or separate title eng
080 ## - UNIVERSAL DECIMAL CLASSIFICATION NUMBER
Universal Decimal Classification number 821.111-312.4 G-83
100 ## - MAIN ENTRY--PERSONAL NAME
Personal name Grisham,John
9 (RLIN) 15948
245 #4 - TITLE STATEMENT
Title The innocent man /
Statement of responsibility, etc. John Grisham.
264 ## - PRODUCTION, PUBLICATION, DISTRIBUTION, MANUFACTURE, AND COPYRIGHT NOTICE
Place of production, publication, distribution, manufacture London :
Name of producer, publisher, distributor, manufacturer Arrow Books,
Date of production, publication, distribution, manufacture, or copyright notice 2006.
300 ## - PHYSICAL DESCRIPTION
Extent 501 p;
Other physical details 18 cm.
653 ## - INDEX TERM--UNCONTROLLED
keyword The innocent man
653 ## - INDEX TERM--UNCONTROLLED
keyword უდანაშაულო კაცი
653 ## - INDEX TERM--UNCONTROLLED
keyword მხატვრული ლიტერატურა
942 ## - ADDED ENTRY ELEMENTS (KOHA)
Koha item type წიგნი
Source of classification or shelving scheme
ეგზემპლარები
Withdrawn status Lost status Source of classification or shelving scheme Damaged status Not for loan Permanent Location Current Location Shelving location Date acquired Full call number Barcode Date last seen Copy number Price effective from Koha item type
          ბათუმის შოთა რუსთაველის სახელმწიფო უნივერსიტეტის მთავარი ბიბლიოთეკა ბათუმის შოთა რუსთაველის სახელმწიფო უნივერსიტეტის მთავარი ბიბლიოთეკა წიგნსაცავი 2018-12-17 821.111-312.4 G-83 35796 2018-12-17 35796 2018-12-17 წიგნი